000 00695nam a22002297a 4500
005 20170124110057.0
010 _aA-821008
020 _a8173870594
_c00
035 _aA-821008
037 _bCen Lib/Ret
040 _aDPL
_bEN
082 _a954.59
_bNUN
100 _aNunthra, C.
_986311
245 _aMizoram :
_cby C. Nunthara
_bsociety and polity /
260 _aNew Delhi
_bIndus Publishing Company
_c1996
270 _aFS-5, Tagore Garden
_bNew Delhi
_e110027
300 _a304p.
_c21cm(Hb)
500 _aIncludes bibliographical references and index
650 _aPolitical science
_986312
650 _aIndia--Mizoram
_986313
942 _2ddc
_cEN
_h954.59
_mNUN
999 _c129555
_d129555